Statistics for U.S. Cities Over 100,000 - E

Click here to take the quiz!

General Stats

  • This quiz has been taken 90 times
  • The average score is 5 of 11

Answer Stats

PopCity% Correct
665,568El Paso
94%
117,429Evansville
61%
156,185Eugene
58%
143,911Escondido
51%
103,019Everett
51%
101,786Erie
46%
124,969Elizabeth
45%
153,015Elk Grove
42%
103,768El Cajon
28%
108,188Elgin
28%
113,475El Monte
19%

Score Distribution

Percentile by Number Answered

Percent of People with Each Score

Your Score History

You have not taken this quiz